|
|
|
|
| LEADER |
00782nam a2200205 i 4500 |
| 001 |
acta38850 |
| 005 |
20210909115221.0 |
| 008 |
161201s2005 hu o 0|| hun d |
| 040 |
|
|
|a SZTE Egyetemi Kiadványok Repozitórium
|b hun
|
| 041 |
|
|
|a hun
|
| 245 |
0 |
0 |
|a Ki volt Sherlock Holmes?
|h [elektronikus dokumentum] :
|b tanulmányok a nevek szemantikájáról
|
| 260 |
|
|
|a Klebelsberg Kuno Egyetemi Kiadó
|b Szeged
|c 2005
|
| 300 |
|
|
|a 150 p.
|c 24 cm
|
| 490 |
0 |
|
|a Studia poetica
|v 2
|
| 650 |
|
4 |
|a Bölcsészettudományok
|
| 650 |
|
4 |
|a Nyelvek és irodalom
|
| 695 |
|
|
|a Névkutatás - tanulmányok, Tulajdonnevek - szemantika - tanulmányok
|
| 700 |
0 |
1 |
|a Szabó Erzsébet
|
| 700 |
0 |
1 |
|a Vecsey Zoltán
|
| 856 |
4 |
0 |
|u http://acta.bibl.u-szeged.hu/38850/1/studia_poetica_suppl_002.pdf
|z Dokumentum-elérés
|